<?xml version="1.0" encoding="UTF-8"?>
<record
    xmlns:xsi="http://www.w3.org/2001/XMLSchema-instance"
    xsi:schemaLocation="http://www.loc.gov/MARC21/slim http://www.loc.gov/standards/marcxml/schema/MARC21slim.xsd"
    xmlns="http://www.loc.gov/MARC21/slim">

  <leader>02595nam a2200253Ia 4500</leader>
  <controlfield tag="003">OSt</controlfield>
  <controlfield tag="005">20251117095442.0</controlfield>
  <controlfield tag="008">210210b2007   xxu||||| |||| 00| 0 eng d</controlfield>
  <datafield tag="040" ind1=" " ind2=" ">
    <subfield code="c">AL</subfield>
  </datafield>
  <datafield tag="041" ind1=" " ind2=" ">
    <subfield code="a">Kannada</subfield>
  </datafield>
  <datafield tag="082" ind1=" " ind2=" ">
    <subfield code="a">K894.301 BHAM</subfield>
  </datafield>
  <datafield tag="100" ind1=" " ind2=" ">
    <subfield code="a">BHANDARI (R V)</subfield>
    <subfield code="d"> &#xC86;&#xCB0;&#xCCD;.&#xCB5;&#xCBF;. &#xCAD;&#xC82;&#xCA1;&#xCBE;&#xCB0;&#xCBF;</subfield>
    <subfield code="9">245786</subfield>
  </datafield>
  <datafield tag="245" ind1=" " ind2=" ">
    <subfield code="a">Min paldi</subfield>
    <subfield code="b">&#xCAE;&#xCC0;&#xCA8;&#xCCD; &#xCAA;&#xCB3;&#xCCD;&#xCA6;&#xCBF;</subfield>
  </datafield>
  <datafield tag="260" ind1=" " ind2=" ">
    <subfield code="a">Bengaluru</subfield>
    <subfield code="b">Akshaya Prakashana</subfield>
    <subfield code="c">2007</subfield>
  </datafield>
  <datafield tag="300" ind1=" " ind2=" ">
    <subfield code="a">166</subfield>
  </datafield>
  <datafield tag="520" ind1=" " ind2=" ">
    <subfield code="a">&#x2018;&#xCAE;&#xCC0;&#xCA8;&#xCCD; &#xCAA;&#xCB3;&#xCCD;&#xCA6;&#xCBF;&#x2019; &#xC95;&#xCC3;&#xCA4;&#xCBF;&#xCAF;&#xCC1; &#xC86;&#xCB0;&#xCCD;.&#xCB5;&#xCBF;.&#xCAD;&#xC82;&#xCA1;&#xCBE;&#xCB0;&#xCBF; &#xC85;&#xCB5;&#xCB0; &#xC95;&#xCA4;&#xCBE;&#xCB8;&#xC82;&#xC95;&#xCB2;&#xCA8;&#xCB5;&#xCBE;&#xC97;&#xCBF;&#xCA6;&#xCC6;. &#xC95;&#xCC3;&#xCA4;&#xCBF;&#xCAF;&#xCB2;&#xCCD;&#xCB2;&#xCBF;&#xCA8; &#xC95;&#xCC6;&#xCB2;&#xCB5;&#xCCA;&#xC82;&#xCA6;&#xCC1; &#xCB5;&#xCBF;&#xC9A;&#xCBE;&#xCB0;&#xC97;&#xCB3;&#xCC1; &#xCB9;&#xCC0;&#xC97;&#xCBF;&#xCB5;&#xCC6; : &#xCAA;&#xCCD;&#xCB0;&#xCA4;&#xCBF;&#xCAD;&#xC9F;&#xCA8;&#xCBE; &#xCB8;&#xCBE;&#xCB9;&#xCBF;&#xCA4;&#xCCD;&#xCAF; &#xC9A;&#xCB0;&#xCBF;&#xCA4;&#xCCD;&#xCB0;&#xCC6;&#xCAF;&#xCB2;&#xCCD;&#xCB2;&#xCBF; &#xCAE;&#xCB9;&#xCA4;&#xCCD;&#xCB5;&#xCA6; &#xCB8;&#xCCD;&#xCA5;&#xCBE;&#xCA8; &#xCAA;&#xCA1;&#xCC6;&#xCA6;&#xCBF;&#xCB0;&#xCC1;&#xCB5; &#xC86;&#xCB0;&#xCCD;. &#xCB5;&#xCBF;. &#xCAD;&#xC82;&#xCA1;&#xCBE;&#xCB0;&#xCBF;&#xCAF;&#xCB5;&#xCB0; &#xCB9;&#xCA6;&#xCBF;&#xCA8;&#xCC7;&#xCB3;&#xCC1; &#xC95;&#xCA5;&#xCC6;&#xC97;&#xCB3; &#xCB8;&#xC82;&#xC95;&#xCB2;&#xCA8; `&#xCAE;&#xCC0;&#xCA8;&#xCCD; &#xCAA;&#xCB3;&#xCCD;&#xCA6;&#xCBF;&#x2018;. &#xC9C;&#xCBE;&#xCA4;&#xCBF; &#xCB8;&#xC82;&#xC98;&#xCB0;&#xCCD;&#xCB7;&#xC97;&#xCB3;&#xCC1;, &#xCB9;&#xCB8;&#xCBF;&#xCB5;&#xCC6;, &#xC85;&#xCB5;&#xCA8;&#xCCD;&#xCA8;&#xCC1; &#xCAE;&#xCC0;&#xCB0;&#xCB2;&#xCC1; &#xCB9;&#xCB5;&#xCA3;&#xCBF;&#xCB8;&#xCC1;&#xCB5; &#xC86;&#xCA6;&#xCB0;&#xCCD;&#xCB6;, &#xCAC;&#xCA6;&#xCB2;&#xCBE;&#xCB5;&#xCA3;&#xCC6;&#xC97;&#xCB3;&#xCC1; &#xCB9;&#xCBE;&#xC95;&#xCC1;&#xCB5; &#xCAC;&#xCC7;&#xCB2;&#xCBF; &#xCAE;&#xCCA;&#xCA6;&#xCB2;&#xCBE;&#xCA6;&#xCB5;&#xCA8;&#xCCD;&#xCA8;&#xCC1; &#xC85;&#xCB5;&#xCB0; &#xC95;&#xCA5;&#xCC6;&#xC97;&#xCB3;&#xCC1; &#xC92;&#xCB3;&#xC97;&#xCCA;&#xCB3;&#xCCD;&#xCB3;&#xCC1;&#xCA4;&#xCCD;&#xCA4;&#xCBE; &#xCB9;&#xCCB;&#xC97;&#xCC1;&#xCA4;&#xCCD;&#xCA4;&#xCB5;&#xCC6;. `&#xC87;&#xCA4;&#xCBF;&#xCB9;&#xCBE;&#xCB8;&#xCB5;&#xCC2; &#xCAE;&#xCBE;&#xCA4;&#xCBE;&#xCA1;&#xCC1;&#xCB5;&#xCC1;&#xCA6;&#xCBF;&#xCB2;&#xCCD;&#xCB2;&#x2018; &#xCB9;&#xCBF;&#xC82;&#xCA6;&#xCC1;-&#xCAE;&#xCC1;&#xCB8;&#xCCD;&#xCB2;&#xCBF;&#xC82; &#xCB8;&#xCBE;&#xCAE;&#xCB0;&#xCB8;&#xCCD;&#xCAF; &#xC95;&#xCC1;&#xCB0;&#xCBF;&#xCA4; &#xC9C;&#xCBF;&#xC9C;&#xCCD;&#xC9E;&#xCBE;&#xCB8;&#xCC6;&#xCAF;&#xCA8;&#xCCD;&#xCA8;&#xCC1; &#xCB5;&#xCB8;&#xCCD;&#xCA4;&#xCC1;&#xCB5;&#xCBE;&#xC97;&#xCBF;&#xCB8;&#xCBF;&#xC95;&#xCCA;&#xC82;&#xCA1; &#xCB5;&#xCBF;&#xCAD;&#xCBF;&#xCA8;&#xCCD;&#xCA8; &#xCAE;&#xCBE;&#xCA6;&#xCB0;&#xCBF;&#xCAF; &#xC95;&#xCA5;&#xCC6;. `&#xC85;&#xC82;&#xC97;&#xCA1;&#xCBF; &#xCAA;&#xCC2;&#xC9C;&#xCC6;&#x2018;, `&#xCAE;&#xCC0;&#xCA8; &#xCAA;&#xCB3;&#xCCD;&#xCA6;&#xCBF;&#x2018; &#xC95;&#xCA5;&#xCC6;&#xC97;&#xCB3;&#xCC1; &#xCB9;&#xCB8;&#xCBF;&#xCB5;&#xCC6;&#xCAF; &#xCB5;&#xCBF;&#xCB5;&#xCBF;&#xCA7; &#xCAE;&#xCC1;&#xC96;&#xC97;&#xCB3;&#xCA8;&#xCCD;&#xCA8;&#xCC1; &#xCAC;&#xCBF;&#xC9A;&#xCCD;&#xC9A;&#xCBF;&#xCA1;&#xCC1;&#xCA4;&#xCCD;&#xCA4;&#xCB5;&#xCC6;. &#xC95;&#xCA5;&#xCA8; &#xCA8;&#xCBF;&#xCB0;&#xCC2;&#xCAA;&#xCA3;&#xCC6;&#xCAF; &#xCB8;&#xCC2;&#xC95;&#xCCD;&#xCB7;&#xCCD;&#xCAE; &#xCA7;&#xCBE;&#xC9F;&#xCBF;&#xCAF;&#xCB2;&#xCCD;&#xCB2;&#xCC7; &#xCAD;&#xC82;&#xCA1;&#xCBE;&#xCB0;&#xCBF; &#xCB0;&#xCC2;&#xCAA;&#xC95;&#xC97;&#xCB3;&#xCA8;&#xCCD;&#xCA8;&#xCC1; &#xC95;&#xC9F;&#xCCD;&#xC9F;&#xCC1;&#xCA4;&#xCCD;&#xCA4;&#xCBE;&#xCB0;&#xCC6;. &#xC95;&#xCC6;&#xCB2;&#xCB5;&#xCCA;&#xCAE;&#xCCD;&#xCAE;&#xCC6; &#xC87;&#xCA1;&#xCC0; &#xC95;&#xCA5;&#xCC6;&#xCAF; &#xC86;&#xCAF;&#xCCD;&#xC95;&#xCC6;&#xCAF;&#xCC7; &#xCB0;&#xCC2;&#xCAA;&#xC95;&#xCB5;&#xCBE;&#xC97;&#xCBF; &#xCAA;&#xCB0;&#xCBF;&#xCA3;&#xCAE;&#xCBF;&#xCB8;&#xCC1;&#xCB5;&#xCC1;&#xCA6;&#xCC1;&#xC82;&#xC9F;&#xCC1;. &#xCB8;&#xC82;&#xCAD;&#xCBE;&#xCB7;&#xCA3;&#xCC6; &#xC86;&#xCA7;&#xCBE;&#xCB0;&#xCBF;&#xCA4; &#xCA8;&#xCBF;&#xCB0;&#xCC2;&#xCAA;&#xCA3;&#xCC6; &#xC85;&#xCB5;&#xCB0; &#xC86;&#xCAF;&#xCCD;&#xC95;&#xCC6;&#xCAF;&#xCBE;&#xC97;&#xCBF;&#xCA6;&#xCC6;. &#xC8F;&#xCA8;&#xCA8;&#xCCD;&#xCA8;&#xCCB; &#xC9A;&#xCBF;&#xCAE;&#xCCD;&#xCAE;&#xCBF;&#xCB8;&#xCBF;, &#xC89;&#xCA4;&#xCCD;&#xCB8;&#xCBE;&#xCB9; &#xCA4;&#xCC1;&#xC82;&#xCAC;&#xCBF; &#xC95;&#xCC6;&#xCB2;&#xCB5;&#xCC1; &#xC95;&#xCA5;&#xCC6;&#xC97;&#xCB3;&#xCC1; &#xCA6;&#xCBF;&#xCA2;&#xCC0;&#xCB0;&#xCA8;&#xCC6; &#xC85;&#xC82;&#xCA4;&#xCCD;&#xCAF;&#xCB5;&#xCBE;&#xC97;&#xCBF; &#xCAC;&#xCBF;&#xCA1;&#xCC1;&#xCA4;&#xCCD;&#xCA4;&#xCB5;&#xCC6;.</subfield>
  </datafield>
  <datafield tag="650" ind1=" " ind2=" ">
    <subfield code="a">sankalana</subfield>
    <subfield code="9">245787</subfield>
  </datafield>
  <datafield tag="650" ind1=" " ind2=" ">
    <subfield code="a">paldi</subfield>
    <subfield code="9">245788</subfield>
  </datafield>
  <datafield tag="650" ind1=" " ind2=" ">
    <subfield code="a">Min</subfield>
    <subfield code="9">245789</subfield>
  </datafield>
  <datafield tag="650" ind1=" " ind2=" ">
    <subfield code="a">Katha</subfield>
    <subfield code="9">245790</subfield>
  </datafield>
  <datafield tag="690" ind1=" " ind2=" ">
    <subfield code="a">Kannada Fiction</subfield>
    <subfield code="9">245791</subfield>
  </datafield>
  <datafield tag="906" ind1=" " ind2=" ">
    <subfield code="a">063128</subfield>
  </datafield>
  <datafield tag="942" ind1=" " ind2=" ">
    <subfield code="2">ddc</subfield>
    <subfield code="c">BK</subfield>
  </datafield>
  <datafield tag="999" ind1=" " ind2=" ">
    <subfield code="c">134413</subfield>
    <subfield code="d">134413</subfield>
  </datafield>
  <datafield tag="952" ind1=" " ind2=" ">
    <subfield code="0">0</subfield>
    <subfield code="1">0</subfield>
    <subfield code="2">ddc</subfield>
    <subfield code="4">0</subfield>
    <subfield code="7">0</subfield>
    <subfield code="8">KAN</subfield>
    <subfield code="a">AL</subfield>
    <subfield code="b">AL</subfield>
    <subfield code="c">Kannada Literature</subfield>
    <subfield code="d">2021-02-17</subfield>
    <subfield code="e">Athree Book Centre,Mangalore</subfield>
    <subfield code="g">100.00</subfield>
    <subfield code="l">0</subfield>
    <subfield code="o">K894.301 BHAM</subfield>
    <subfield code="p">063128</subfield>
    <subfield code="r">2021-02-17 00:00:00</subfield>
    <subfield code="w">2021-02-17</subfield>
    <subfield code="y">BK</subfield>
  </datafield>
</record>
